Por Ese Hombre - Abraham Mateo, Miranda - Estadísticas

Estadísticas generales
  • Esta prueba ha sido intentada 26 veces
  • La puntuación promedio es 168 de 301
Estadísticas de respuestas
Letra % Correcto
a
100%
amor
80%
de
80%
El
80%
él
80%
Él
80%
ella
80%
en
80%
es
80%
Ese
80%
ese
80%
ha
80%
hombre
80%
la
80%
La
80%
le
80%
lo
80%
me
80%
80%
mi
80%
no
80%
No
80%
¿Por
80%
por
80%
que
80%
Que
80%
qué
80%
quiere
80%
solo
80%
soy
80%
tan
80%
tantas
80%
te
80%
tu
80%
80%
y
80%
yo
80%
Yo
80%
al
60%
amigo
60%
Cometí
60%
¿Cómo
60%
con
60%
cosas
60%
da
60%
daño
60%
dejó
60%
Descuidé
60%
Dile
60%
enorme
60%
errores
60%
está
60%
guardes
60%
hacer
60%
hacerte
60%
he
60%
mil
60%
mucho
60%
ocupar
60%
Porque
60%
quiso
60%
rencor
60%
60%
se
60%
60%
Se
60%
su
60%
ti
60%
vacío
60%
vino
60%
años
40%
Aunque
40%
bien
40%
compréndelo
40%
dudes
40%
eso
40%
estoy
40%
ilusión
40%
muchos
40%
muy
40%
necesita
40%
nota
40%
nunca
40%
Pero
40%
podría
40%
puedo
40%
querer
40%
robó
40%
sabes
40%
Si
40%
sin
40%
Tal
40%
tiene
40%
una
40%
vez
40%
visto
40%
volver
40%
ya
40%
Ya
40%
ahora
20%
alguien
20%
atrás
20%
cambiada
20%
cambiar?
20%
Convéncela
20%
Cuéntale
20%
demuestra
20%
dolor
20%
duele
20%
engañes
20%
feliz
20%
fin
20%
fue
20%
fueron
20%
hablarle
20%
habló
20%
haria
20%
hay
20%
hecho
20%
hoy
20%
junto
20%
mejor
20%
mintió
20%
mirar
20%
oportunidad
20%
pena
20%
pequeñas
20%
piensa
20%
podía
20%
pudo
20%
puesto
20%
quiero
20%
saber
20%
sabía
20%
sientes
20%
soledad
20%
tengo
20%
tiempo
20%
Tienes
20%
veces
20%
vida
20%
vivir
20%
voy
20%
vuelto
20%
acéptalo
0%
así
0%
así?
0%
cansado
0%
comprendería
0%
culpa
0%
decirte
0%
hablas
0%
haga
0%
lado
0%
miedo
0%
olvidarla
0%
puediera
0%
sea
0%
No se encontraron pruebas coincidentes
Distribución de puntuación
Porcentaje de gente con cada puntuación
Porcentaje por número respondido
Historial de tus puntuaciones
No has intentado esta prueba.